Fallacies galore as prices slump (Record no. 59277)

MARC details
000 -LEADER
fixed length control field 00321nam a2200133Ia 4500
100 ## - MAIN ENTRY--AUTHOR NAME
Personal name Jacob Jom
245 #0 - TITLE STATEMENT
Title Fallacies galore as prices slump
260 ## - PUBLICATION, DISTRIBUTION, ETC. (IMPRINT)
Name of publisher Rubber Asia
Year of publication 2015
300 ## - PHYSICAL DESCRIPTION
Number of Pages 74-80
500 ## - GENERAL NOTE
General note Source Year: 2015
650 ## - SUBJECT ADDED ENTRY--TOPICAL TERM
Topical Term Rubber price
942 ## - ADDED ENTRY ELEMENTS (KOHA)
Koha item type Journals
Holdings
Withdrawn status Lost status Damaged status Not for loan Home library Current library Shelving location Date acquired Serial Enumeration / chronology Koha item type
      Journals RRII Library RRII Library Economics 17/12/2021 Volume 30, Issue 5 Journals